Just for Fun Numbers 2 Quiz Stats

 Plays Quiz not verified by Sporcle

Support Sporcle.
Go Orange.
Score 0/47 Timer 10:00
0 Plays Today
% Correct
Soviet Union
89.8%
Denial
54.3%
Anger
54.3%
Acceptance
54.3%
Wrath
49.6%
Beijing
48.8%
George W Bush
48.8%
Greed
48%
George H.W Bush
48%
Bill Clinton
45.7%
Google
45.7%
Police Officer
44.9%
Barack Obama
44.1%
Indian
43.3%
Envy
42.5%
Lust
40.9%
Gluttony
40.2%
Charmander
39.4%
Ronald Reagan
39.4%
Squirtle
37%
Sloth
37%
Facebook
37%
Depression
36.2%
Richard Nixon
36.2%
% Correct
Jimmy Carter
35.4%
Sydney
34.6%
Manchester United
33.9%
Athens
33.9%
Bulbasaur
33.1%
43
32.3%
Construction Worker
31.5%
Yahoo
31.5%
Barcelona
29.9%
Gerald Ford
29.1%
Atlanta
27.6%
Youtube
25.2%
Myspace
22.8%
Pride
22%
Cowboy
22%
Bargaining
18.1%
MSN
13.4%
Sailor
11%
Biker
10.2%
Wikipedia
8.7%
Live
7.9%
4
7.9%
Blogspot
1.6%

You're not logged in!

Compare scores with friends on all Sporcle quizzes.
OR
Log In

From the Vault

MLB World Series Winning Managers

by Ben

Congratulations to this year's world champs!
Remove Ads.
Support Sporcle.
Get the best of Sporcle when you Go Orange. This ad-free experience offers more features, more stats, and more fun while also helping to support Sporcle. Thank you for becoming a member.

Show Comments

Extras

Created Mar 3, 2011ReportNominate
Tags:Numbers Quiz

Top Quizzes Today


Score Distribution

Your Account Isn't Verified!

In order to create a playlist on Sporcle, you need to verify the email address you used during registration. Go to your Sporcle Settings to finish the process.

Report this User

Report this user for behavior that violates our Community Guidelines.

Details: